Online Catalogue and eLibrary

Jana vargeeya sadaranathvaya saha jathika ekamutuwa (Record no. 2214)

MARC details
000 -LEADER
fixed length control field 00434nam a2200145Ia 4500
005 - DATE AND TIME OF LATEST TRANSACTION
control field 20250616021157.0
008 - FIXED-LENGTH DATA ELEMENTS--GENERAL INFORMATION
fixed length control field 240331s9999 xx 000 0 und d
082 ## - DDC Classification
Item Number - Author Mark JAN
Class No. 305
100 ## - MAIN ENTRY--PERSONAL NAME
Personal name Marga Ayathanaya
245 #0 - TITLE STATEMENT
Title Jana vargeeya sadaranathvaya saha jathika ekamutuwa
260 ## - PUBLICATION, DISTRIBUTION, ETC.
Place of publication, distribution, etc. Colombo
Name of publisher, distributor, etc. Centre for Development Studies
Date of publication, distribution, etc. 1985
300 ## - PHYSICAL DESCRIPTION
Extent (e.g. Volumes, Pages etc.) 64 p .,
500 ## - GENERAL NOTE
General note Inter- Racial Equity and national unity in Sri Lanka
942 ## - Koha item type (Biblio)
Koha item type Books in Stacks (Lending)
Holdings
Lost status Damaged status Collection code Home library Current library Shelving location Date acquired Full call number Accession Number Item type
    Lending WERC Library WERC Library Social Science Cupboard 03/31/2024 305.8 JAN 1463 Books in Stacks (Lending)

© WERC Library